Didáctica de las ciencias sociales, currículo escolar y formación del profesorado. la didáctica de las ciencias sociales en los nuevos planes de estudio /

Guardado en:
Autor Principal: Avila, Rosa María
Otros Autores: Cruz, Alcazar, Diez María Consuelo
Formato: Libro
Publicado: Madrid : Universidad de Jaén, 2008
Materias:
Etiquetas: Agregar Etiqueta
Sin Etiquetas, Sea el primero en etiquetar este registro!
LEADER 00888nam a22002535a 4500
001 CEM.cems014740
008 130507s2008##################000#0#####d
005 20210805162220.0
003 CEMS
245 1 0 |a Didáctica de las ciencias sociales, currículo escolar y formación del profesorado. la didáctica de las ciencias sociales en los nuevos planes de estudio /  |c Rosa María Avila, Alcazar Cruz y María Consuelo Diez 
260 |a Madrid :  |b Universidad de Jaén,  |c 2008 
300 |a 716 p. 
590 |a 1322.016 
020 |a 9788469106310 
100 1 |a Avila, Rosa María 
700 1 |a Cruz, Alcazar 
700 1 |a Diez María Consuelo 
653 |a Didáctica 
653 |a Ciencias sociales 
653 |a Didáctica de las ciencias sociales 
653 |a Currículo 
653 |a Formación docente 
653 |a Biblioteca TC 
859 |a CEMS  |b BIB. CEMS - 11 de abril  |h TC  |p 1322.016  |t Ej.1